Italie - Tous les joueurs depuis 2010 - Statistiques

Statistiques générales
  • Ce quiz a été pris 125 fois
    17 depuis la dernière actualisation
  • Le résultat moyen est 86 sur 175
Statistiques - réponses
Période de
Séléction
Joueur Clubs Nombre de
Séléctions
Poste % Correct
2023 - MateoRetegui Boca Juniors - Estudiantes - Tallares - Tigre - Genoa - Atalanta - Al Qadsiah 26 A
100%
2004 - 2017 AndreaBarzagli Rondinella - Pistoiese - Ascoli - Chievo - Wolfsburg - Juventus 73 D
93%
2002 - 2015 AndreaPirlo Brescia - Inter - Reggina - Brescia - Milan - Juventus - New York City 116 M
93%
2014 - 2024 CiroImmobile Juventus - Siena - Grossetto - Pescara - Genoa - Torino - Dortmund - Seville - Torino - Lazio - Besiktas - Bologna 57 A
93%
2009 - 2017 ClaudioMarchisio Juventus - Empoli - Juventus - Zenith 55 M
93%
2004 - 2017 Danielede Rossi Roma - Boca Juniors 117 M
93%
2018 - 2023 Emerson Santos - Palermo - Roma - Chelsea - Ol - West Ham - Om 29 D
93%
2018 - FedericoChiesa Fiorentina - Juventus - Liverpool 51 A
93%
1997 - 2018 GianluigiBuffon Parma - Juventus - Psg - Juventus - Parma 176 G
93%
2016 - GianluigiDonnarumma Milan - Psg - Manchester City 79 G
93%
2004 - 2022 GiorgioChiellini Livorno - Fiorentina - Juventus - Los Angeles Fc 117 D
93%
2019 - GiovanniDi Lorenzo Reggina - Cuneo - Matera - Empoli - Napoli 53 D
93%
2014 - 2016 Graziano Pelle Catania - Lecce - Crotone - Cesena - Az Alkmaar - Parma - Sampdoria - Feyenoord - Southampton - Shandong Luneng - Parma 20 A
93%
2016 - 2024 Jorginho Sambonifacese - Hellas - Napoli - Chelsea - Arsenal - Flamengo 57 M
93%
2010 - 2023 LeonardoBonucci Inter - Treviso - Pisa - Bari - Juventus - Milan - Juventus - Union Berlin - Fenerbahce 121 D
93%
2012 - 2023 MarcoVerratti Pescara - Psg - Al Arabi - Al Duhail 55 M
93%
2010 - 2018 Mario Balotelli Lumezzane - Inter - Manchester City - Milan - Liverpool - Milan - Nice - OM - Brescia - Monza - Adana Demirspor - Fc Sion - Adana Demirspor - Genoa 36 A
93%
2013 - 2022 Mattia De Sciglio Milan - Juventus - Ol - Juventus - Empoli 40 D
93%
2018 - MoiseKean Juventus - Hellas - Juventus - Everton - Psg - Juventus - Fiorentina 24 A
93%
2018 - NicoloBarella Cagliari - Como - Cagliari - Inter 67 M
93%
2010 -2021 SalvatoreSirigu Cremonese - Ancona - Palermo - Psg - Séville - Osasuna - Torino - Genoa - Napoli - Fiorentina - Nice - Karagümrük - Palermo 28 G
93%
2012 - 2022 AlessandroFlorenzi Crotone - Roma - Valence - Psg - Milan 49 D
87%
2018 - 2023 DomenicoBerardi Sassuolo 28 A
87%
1997 - 2010 FabioCannavaro Napoli - Parma - Juventus - Inter - Real Madrid - JuventusAl Ahli - Bengal Tuskers 136 D
87%
2022 - FedericoDimarco Inter -Ascoli - Empoli - Fc Sion - Parma - Inter - Hellas - Inter 36 D/M
87%
2021 - GiacomoRaspadori Sassuolo - Napoli - Atletico Madrid 45 A
87%
2017 - LeonardoSpinazzola Empoli - Lanciano -Siena - Atalanta - Vicenza - Perugia - Atalanta - Juventus - Roma - Napoli 26 D/M
87%
2020 - ManuelLocatelli Milan - Sassuolo - Juventus 34 M
87%
2014 - 2024 MatteoDarmian Milan - Padova - Palermo - Torino - Manchester United - Parma - Inter 46 D
87%
2020 - 2020 PietroPellegri Genoa - Monaco - Milan - Torino - Empoli 1 A
87%
2019 - SandroTonali Brescia - Milan - Newcastle 30 M
87%
2012 - 2024 StephanEl Shaarawy Genoa - Padova - Milan - Monaco - Roma - Shanghai Shenhua - Roma 32 A
87%
2020 - AlessandroBastoni Atalanta - Parma - Inter 41 D
80%
2016 - 2022 AndreaBelotti Albino Leffe - Palermo - Torino - Roma - Fiorentina - Como - Benfica - Cagliari 44 A
80%
2009 - 2018 AntonioCandreva Ternana - Udinese - Livorno - Juventus - Parma - Cesena - Lazio - Inter - Sampdoria - Salernitana 54 M/A
80%
2002 - 2012 AntonioDi Natale Iperzola - Varese - Viareggio - Empoli - Udinese 42 A
80%
2015 - 2017 Eder Frosinone - Empoli - Brescia - Cesena - Sampdoria - Inter - Jiangsu Suning - Sao Paulo - Criciuma 26 A
80%
2014 - FrancescoAcerbi Pavia - Reggina - Chievo - Milan - Chievo - Sassuolo - Lazio - Inter 34 D
80%
1999 - 2010 GianlucaZambrotta Como - Bari - Juventus - Barcelone - Milan - Fc Chiasso 98 D
80%
2010 - 2010 Marco Motta Atalanta - Udinese - Torino - Udinese - Roma - Juventus - Catania - Bologne - Genoa - Watford - Charlton - Almeria - Omonia Nicosie - Persija Jakarta 1 D
80%
2011 -2016 ThiagoMotta Barcelone - Atletico Madrid - Genoa - Inter - Psg 30 M
80%
2012 - 2014 Andrea Poli Treviso - Sassuolo - Sampdoria - Inter - Sampdoria - Milan - Bologna - Antalyaspor - Modena - Pro Sesto 5 M
73%
2011 - 2016 AngeloOgbonna Torino - Crotone - Torino - Juventus - West Ham United - Watford 13 D
73%
2016 - 2018 DanieleRugani Empoli - Juventus - Rennes - Cagliari - Juventus - Ajax - Juventus 7 D
73%
2007- 2019 FabioQuagliarella Torino - Fiorentina - Chieti - Torino - Ascoli - Sampdoria - Udinese - Napoli - Juventus - Torino - Sampdoria 29 A
73%
2000 - 2010 GennaroGattuso Perugia - Glasgow - Salernitana - Milan - Sion 73 M
73%
2021 - GianlucaScamacca Sassuolo - Cremonese - Pec Zwolle - Ascoli - Genoa - Sassuolo - West Ham - Atalanta 22 A
73%
2017 - LorenzoPellegrini Sassuolo - Roma 36 M
73%
2020 - 2020 LucaPellegrini Roma - Cagliari - Genoa - Juventus - Eintracht Frankfurt - Lazio 1 D
73%
2018 - MatteoPolitano Perugia - Pescara - Sassuolo - Inter - Napoli 18 A
73%
2024 - RiccardoCalafiori Roma - Genoa - Roma - Bale - Bologna - Arsenal 12 D
73%
2007 -2017 RiccardoMontolivo Atalanta - Fiorentina - Milan 66 M
73%
2011 - 2015 SebastianGiovinco Juventus - Empoli - Juventus - Parma - Juventus - Toronto - Al Hilal - Sampdoria 23 A
73%
2024 - AndreaCambiaso Albissola - Savona - Alessandria - Empoli - Genoa - Bologna - Juventus 19 D/M
67%
2024 - DanielMaldini Milan - Spezia - Empoli - Monza - Atalanta 6 M/A
67%
2020 - 2022 DavideCalabria Milan - Bologna - Panathinaikos 7 D
67%
2022 - DavideFrattesi Ascoli - Empoli - Monza - Sassuolo - Inter 33 M
67%
2016 - 2025 DavideZappacosta Isola Liri - Avellino - Atalanta - Torino - Chelsea - Roma - Genoa - Atalanta 14 D/M
67%
2013 - 2024 GiacomoBonaventura Padova - Atalanta - Milan - Fiorentina - Al Shabab 18 M
67%
2019 - GianlucaMancini Perugia - Atalanta - Roma 18 D
67%
2008 - 2014 GiuseppeRossi Manchester United- Newcastle - Parma - Villarreal - Fiorentina - Levante - Celta Vigo - Genoa - Salt Lake - Spal 30 A
67%
2024 - GuglielmoVicario Fontanafrada - Venezia - Perugia - Cagliari - Empoli - Tottenham 5 G
67%
2012 - 2022 LorenzoInsigne Cavese - Foggia - Pescara - Napoli - Toronto 54 A
67%
2019 -2024 NicoloZaniolo Virtus Entella - Roma - Galatasaray - Aston Villa - Atalanta - Fiorentina - Udinese 19 M/A
67%
2019 - AlexMeret Udinese - Spal - Napoli 3 G
60%
2003 - 2014 AntonioCassano Bari - Roma - Real Madrid - Sampdoria - Milan - Inter - Parma - Sampdoria 39 A
60%
2017 - Bryan Cristante Milan - Benfica - Palermo - Pescara - Atalanta - Roma 47 M
60%
2023 - DestinyUdogie Hellas - Udinese - Tottenham 12 D
60%
2016 - 2022 FedericoBernardeschi Crotone - Fiorentina - Juventus - Toronto - Bologna 39 A
60%
2022 - FedericoGatti Verbania - Pro Patria - Frosinone - Juventus 6 D
60%
2011 -2015 IgnazioAbate Napoli - Piacenza - Modena - Empoli - Torino - Milan 22 D
60%
2020 - 2023 MatteoPessina Monza - Lecce - Catania - Como - Spezia - Atalanta - Hellas - Atalanta - Monza 16 M
60%
2014 - 2018 Mattia Perin Padova - Pescara - Genoa -Juventus - Genoa - Juventus 2 G
60%
2019 - RiccardoOrsolini Ascoli - Atalanta - Bologna 13 A
60%
2014 -2018 SimoneZaza Atalanta - Sampdoria - Juve Stabia - Viareggio - Ascoli - Sassuolo - Juventus - West Ham - Valence - Torino 18 A
60%
2011 -2017 DavideAstori Pizzighettone - Cremonese - Cagliari - Roma - Fiorentina 14 D
53%
2012 - 2016 EmanueleGiaccherini Forli - Bellaria - Pavia - Cesena - Juventus - Sunderland - Bologna - Napoli - Chievo Verona 29 M
53%
2022 - NicoloFagioli Juventus - Cremonese - Juventus - Fiorentina 7 M
53%
2025 - PioEsposito Inter U21 - La Spezia - Inter 5 A
53%
2022 - 2022 SalvatoreEsposito Ravenna - Chievo - Spal - Spezia 1 M
53%
2018 - 2022 StefanoSensi San Marino - Cesena - Sassuolo - Inter - Sampdoria - Monza - Inter - Monza - Anorthosis 9 M
53%
2022 - WilfriedGnonto Zurich - Leeds 13 A
53%
2023 - AlessandroBuongiorno Torino - Carpi - Torino - Trapani - Torino - Napoli 12 D
47%
2013 - 2014 AlessioCerci Roma - Brescia - Atalanta - Roma - Fiorentina - Torino - Atletico Madrid - Milan - Genoa - Hellas - Ankaragucu - Salernitana - Arezzo 14 A
47%
2016 - 2023 AlessioRomagnoli Roma - Sampdoria - Milan - Lazio 13 D
47%
2017 - 2020 DaniloD'ambrosio Potenza - Juve Stabia - Torino - Inter - Monza 6 D
47%
2009 - 2018 DomenicoCriscito Genoa - Juventus - Genoa - Zenit -Genoa - Toronto - Genoa 26 D
47%
2022 - FabioMiretti Juventus 1 M
47%
2009 - 2012 GiampaoloPazzini Atalanta - Fiorentina - Sampdoria - Inter - Milan - Hellas - Levante - Hellas 25 A
47%
2018 - 2022 ManuelLazzari Giacomense - Spal - Lazio 3 D/M
47%
2022 - MattiaZaccagni Bellaria - Unione Venezia - Hellas - Cittadella - Hellas - Lazio 13 A
47%
2018 - 2018 PatrickCutrone Milan - Wolverhampton -Fiorentina - Wolverhampton - Valence - Empoli - Como - Parma 1 A
47%
2006 - 2014 AlbertoAquilani Triestina - Roma - Liverpool - Juventus - Milan - Fiorentina - Sporting Lisbonne - Pescara - Sassuolo - Las Palmas 38 M
40%
2011 - 2015 AlessandroMatri Prato - Lumezzane - Rimini - Cagliari - Juventus - Milan - Fiorentina - Genoa - Juventus - Lazio - Sassuolo - Brescia 7 A
40%
2010 -2016 Andrea Ranocchia Arezzo - Bari - Genoa - Inter - Sampdoria - Inter - Hull City - Inter - Monza 21 D
40%
2009 - 2013 FedericoMarchetti Pro Vercelli - Torino -ASD La Biellese - Albino Leffe - Cagliari - Lazio - Genoa - Spezia - Hamrun Spartans 9 G
40%
2022 - 2022 JoaoPedro Atletico Mineiro - Palermo - Vitoria Guimaraes - Santos - Estoril Praia - Cagliari - Fenerbahce - Gremio - Hull - Atletico San Luis 1 A
40%
2011 - 2018 Marco Parolo Como - Pistoiese - Foligno - Hellas - Cesena - Parma - Lazio 36 M
40%
2003 - 2010 MauroCamoranesi Cruz Azul - Hellas - Juventus - Stuttgart - Lanus - Racing Club 55 M
40%
2005 - 2012 MorganDe Sanctis Pescara - Juventus - Udinese - Seville - Galatasaray -Napoli - Roma - Monaco 6 G
40%
2017 - 2020 RobertoGagliardini Cesena - Spezia - Vicenza - Atalanta - Inter - Monza 7 M
40%
2022 - SamueleRicci Empoli - Torino - Ac Milan 11 M
40%
2005 - 2010 VincenzoIaquinta Padova - Castel Di Sangro - Udinese - Juventus - Cesena 40 A
40%
2004 - 2014 AlbertoGilardino Piacenza - Hellas - Parma - Milan - Fiorentina - Genoa - Bologna - Genoa - Guangzhou - Palermo - Empoli - Pescara - Spezia 57 A
33%
2012 - 2012 FabioBorini Chelsea - Swansea - Roma - Liverpool - Sunderland - Liverpool - Sunderland - Milan - Hellas - Fatih Karagumruk - Sampdoria - Salford City 1 A
33%
2022 - GiorgioScalvini Atalanta 8 D
33%
2024 - LorenzoLucca Vicenza - Palermo - Pisa - Ajax - Udinese - Napoli 5 A
33%
2022 - 2022 LuizFelipe Ituano -Salernitana - Lazio - Betis - Al Itthiad - OM - Rayo Vallecano 1 D
33%
2012 - 2022 ManoloGabbiadini Cittadella - Atalanta - Bologna - Sampdoria - Napoli -Southampton - Sampdoria - Al Nasr 13 A
33%
2024 -2024 MichaelFolorunsho Virtus Francavilla - Bari - Reggina - Pordenone - Reggina - Bari - Hellas - Napoli - Fiorentina - Cagliari 2 M
33%
2024 - NicoloRovella Genoa - Juventus - Monza - Lazio 4 M
33%
2021 - 2023 RafaelToloi Goias - Sao Paulo - Roma - Sao Paulo - Atalanta - Sao Paulo 14 D
33%
2018 - 2018 RolandoMandragora Genoa - Pescara - Juventus - Crotone - Udinese - Torino Fiorentina 1 M
33%
2017 - 2018 SimoneVerdi Milan - Torino - Juve Stabia - Empoli - Eibar - Carpi - Bologna - Napoli - Torino - Salernitana - Hellas - Como - Sassuolo - Como 4 A
33%
2014 - 2020 StefanoOkaka Roma - Modena - Roma - Brescia - Roma - Fulham - Roma - Bari - Parma - Spezia - Sampdoria - Anderlecht - Watford - Udinese - Basaksehir - Ravenna 5 A
33%
2016 - 2016 StefanoSturaro Modena - Genoa - Juventus - Genoa - Hellas - Genoa -Fatih Karagumruk - Catania 4 M
33%
2022 - 2022 TommasoPobega Ternana - Pordenone - Spezia - Torino - Milan - Bologna 3 M
33%
2018 - 2023 ViencenzoGrifo Hoffenheim - Dynamo Dresden - Fsv Frankfurt - Fribourg - Borussia Monchengladbach - Hoffenheim - Fribourg 8 A
33%
2020 - 2021 AlessioCragno Brescia - Cagliari - Lanciano - Benevento - Cagliari - Monza - Sassuolo - Monza - Sampdoria 2 G
27%
2017 - 2017 AndreaConti Perugia - Atalanta - Milan - Parma - Sampdoria 1 D
27%
2008 - 2014 ChristianMaggio Vicenza - Fiorentina - Treviso - Sampdoria - Napoli - Benevento - Lecce - Vicenza 34 D
27%
2018 - 2023 CristianoBiraghi Inter - Juve Stabia - Cittadella - Catania - Chievo - Granada - Pescara - Fiorentina - Inter - Fiorentina - Torino 16 D
27%
2010 -2013 FedericoBalzaretti Varese - Siena - Torino - Juventus - Fiorentina - Palermo - Roma 16 D
27%
2015 - 2015 FrancoVazquez Belgrano - Palermo - Ray Vallecano - Palermo - Seville - Parma - Cremonese 2 M
27%
2021 - 2021 Gian MarcoFerrari Renate - Gubbio - Crotone - Sampdoria - Sassuolo - Salernitana - United Fc 1 D
27%
2019 - 2019 LeonardoPavoletti Viareggio - Pavia - Juve Stabia - Casale - Lanciano - Sassuolo - Varese - Sassuolo - Genoa - Napoli - Cagliari 1 A
27%
2018 - 2018 MattiaCaldara Trapani - Cesena - Atalanta - Milan - Atalanta - Venezia - Spezia - Milan - Modena 2 D
27%
2012 - 2014 MattiaDestro Genoa - Siena - Roma - Milan - Bologna - Genoa - Empoli 8 A
27%
2015 - 2016 NicolaSansone Crotone - Parma - Sassuolo - Vilarreal - Bologna - Lecce 3 A
27%
2011 - 2014 Pablo DanielOsvaldo Huracan - Atalanta - Lecce - Fiorentina - Bologna - Espanyol - Roma - Southampton - Juventus - Inter - Boca Juniors - Porto - Boca Juniors - Banfield 14 A
27%
2019 - 2019 PierluigiGollini Hellas - Aston Villa - Atalanta - Tottenham - Fiorentina - Napoli - Genoa - Roma 1 G
27%
2024 - RaoulBellanova Bordeaux - Atalanta - Pescara - Cagliari - Inter - Torino - Atalanta 6 D/M
27%
2008 - 2011 SimonePepe Lecco - Teramo - Palermo - Piacenza - Palermo - Udinese - Cagliari - Udinese - Juventus - Chievo - Pescara 23 A
27%
2010 - 2013 AlessandroDiamanti Prato - AlbinoLeffe - Prato - Livorno - West Ham - Brescia - Bologna - Guangzhou - Fiorentina - Watford - Atalanta - Palermoi - Perugia - Livorno - Western United 17 M/A
20%
2022 - 2022 AlessioZerbin Gozzano - Viterbese - Cesena - Pro Vercelli - Frosinone -Napoli - Monza - Napoli - Venezia - Cremonese 1 A
20%
2022 - 2022 AndreaPinamonti Inter - Frosinone - Genoa - Inter - Empoli - Sassuolo - Genoa - Sassuolo 1 A
20%
2007 - 2012 AntonioNocerino Avellino - Genoa - Catanzaro - Messina - Piacenza - Juventus - Palermo - Milan - West Ham - Torino - Parma - Milan - Orlando City - Benevento 15 M
20%
2018 - 2018 DanieleBaselli Cittadella - Atalanta - Torino - Cagliari - Como - Padova 1 M
20%
2009 - 2013 DavideSanton Inter - Cesena - Newcastle - Inter - Roma 8 D
20%
2012 - 2012 EzequielSchelotto Cesena - Catania - Atalanta - Inter - Sassuolo - Parma - Chievo - Sporting - Brighton - Chievo - Brighton - Racing Club - Aldosivi - Cd Moron - Barletta 1 D/M
20%
2020 - 2020 FrancescoCaputo Noicattaro - Bari - Salernitana - Bari - Siena - Bari - Virtus Entella - Empoli - Sassuolo - Sampdoria - Empoli 2 A
20%
2015 - 2015 MirkoValdifiori Cesena - Pavia - Legnano - Empoli - Napoli - Torino - Spal - Pescara - Vis Pesaro 1 M
20%
2017 - 2017 AndreaPetagna Sampdoria - Milan - Latina - Vicenza - Ascoli - Atalanta - Spal - Napoli - Monza - Cagliari 1 A
13%
2019 - 2019 ArmandoIzzo Triestina - Avellino - Genoa - Torino - Monza 3 D
13%
2025 - DiegoCoppola Hellas Verona - Brighton 2 D
13%
2014 - 2014 GabrielPaletta Banfield - Liverpool - Boca Juniors - Parma - Milan - Atalanta - Parma - Jiangsu Suning - Monza 3 D
13%
2018 - 2020 KevinLasagna Carpi - Udinese - Hellas - Fatih Karagumruk - Bari - Padova 7 A
13%
2008 - 2011 Marco Borriello Triestina - Treviso - Milan - Empoli - Milan - Reggina - Sampdoria - Treviso - Milan - Genoa - Milan - Roma - Juve - Genoa - Roma - West Ham - Genoa - Carpi - Atalanta - Cagliari - Spal - Ibiza 7 A
13%
2024 - MarcoBrescianini Milano - Virtus Entella - Monza - Cosenza - Frosinone - Atalanta 2 M
13%
2013 - 2013 MarcoSau Manfredonia - Albino Leffe - Lecco - Foggia - Juve Stabia - Cagliari - Sampdoria - Benevento - Feralpisalo 1 A
13%
2022 - 2022 MatteoCancellieri Hellas - Lazio - Empoli - Parma - Lazio 1 A
13%
2024 - NiccoloPisilli Roma 1 M
13%
2025 - NicoloCambiaghi Reggina - Pordenone - Empoli - Bologna 1 A
13%
2022 - 2022 PasqualeMazzocchi Bellaria - Pro Pacienza - Rimini - Parma - Perugia - Venezia - Salernitana - Napoli 1 D/M
13%
2022 -2022 SimonePafundi Udinese - Lausanne Sport - Udinese - Sampdoria 1 M
13%
2007 - 2011 AlessandroGamberini Bologna - Hellas - Bologna - Fiorentina - Napoli - Genoa - Chievo 8 D
7%
2014 -2015 AndreaBertolacci Lecce - Genoa - Milan - Genoa - Sampdoria - Fatih Karagumruk - Kayserispor - Fatih Karagumruk - Cremonese - Fatih Karagumruk - Cremonese 5 M
7%
2010- 2010 AndreaCossu Olbia - Lumezzane - Torres - Hellas - Cagliari - Hellas - Cagliari - Olbia - Cagliari 2 M
7%
2006 - 2011 AngeloPalombo Fiorentina - Sampdoria - Inter - Sampdoria 22 M
7%
2018 - 2019 CristianoPiccini Fiorentina - Carrarese - Spezia - Livorno - Betis - Sporting Lisbonne - Valence - Atalanta - Valence - Red Star Belgrade - Magdeburg - Sampdoria - Atletico San Luis - Yverdon 3 D
7%
2011 - 2011 DanieleGastaldello Padova - Crotone - Siena - Sampdoria - Bologna - Brescia 1 D
7%
2012 - 2012 DiegoFabbrini Empoli - Udinese - Palermo - Watford - Siena - Milwall - Birmingham - Middlesbrough - Birmingham - Spezia - Oviedo - Botosani - Cska Sofia - Dinamo Bucarest - Ascoli - Alessandria - Lucchese - Sambenedettese 1 A
7%
2014 - 2015 EmilianoMoretti Lodigiani - Fiorentina - Juventus - Modena - Bologna - Valence - Genoa - Torino 2 D
7%
2010 - 2011 EmilianoViviano Cesena - Brescia - Bologna - Palermo - Fiorentina - Sampdoria - Spal - Fatih Karagumruk - Ascoli 6 G
7%
2012 - 2012 FedericoPeluso Pro Vercelli - Ternana - Albino Leffe - Atalanta - Juventus - Sassuolo 3 D
7%
2019 - 2021 GaetanoCastrovilli Bari - Cremonese - Fiorentina - Lazio - Bari 4 M
7%
2022 - 2022 GianlucaCaprari Roma - Pescara - Sampdoria - Parma - Benevento - Hellas - Monza 1 A
7%
2010 - 2016 LorenzoDe Silvestri Lazio - Fiorentina - Sampdoria - Torino - Bologna 6 D
7%
2010 - 2016 LucaAntonelli Bari - Parma - Genoa - Milan - Empoli - Miami Fc 13 D
7%
2025 - LucaRanieri Foggia - Fiorentina - Ascoli - Spal - Salernitana - Fiorentina 1 D
7%
2006 -2015 ManuelPasqual Treviso - Arezzo - Fiorentina - Empoli 11 D
7%
2009 - 2012 MattiaCassani Sampdoria - Hellas - Palermo - Fiorentina - Genoa - Parma - Sampdoria - Bari 11 D
7%
2025 - RobertoPiccoli Atalanta - Spezia - Atalanta - Genoa - Hellas - Empoli - Lecce - Cagliari - Fiorentina 1 A
7%
2014 - 2020 RobertoSoriano Empoli - Sampdoria - Villarreal - Torino - Bologna - Salernitana 9 M
7%
2009 - 2010 SalvatoreBocchetti Lanciano - Ascoli - Frosinone - Genoa - Rubin Kazan - Spartak Moscou - Milan - Spartak Moscou- Hellas - Pescara 5 D
7%
Aucun quiz correspondant
Distribution des résultats
% des personnes avec chaque résultat
Percentile par nombre de réponses
Votre historique - résultats
Vous n’avez pas pris ce quiz depuis la dernière actualisation